000 00741nam a2200229Ia 4500
003 OSt
005 20260109144228.0
008 220923b |||||||| |||| 00| 0 eng d
020 _a813090294X
037 _cGeneral Book
040 _aRTL
_cRTL
_beng
041 _2eng
_aeng
084 _aY:3(W:5), P6
_qRTL
100 _aBiswal Tapan
_9312106
245 0 _aHuman rights gender and environment
260 _a New Delhi
_bViva Books India
_c2006
300 _aix,508 p.
_bIncludes bibliographical references and index.
500 _aBibliography chapterwise
650 _aSociology of Social Justice
_9312107
942 _hY:3(W:5), P6
_cGB
_2CC
_n0
999 _c617022
_d617022